| 000 | 01010nam a2200313Ia 4500 | ||
|---|---|---|---|
| 003 | OSt | ||
| 005 | 20221007123129.0 | ||
| 006 | a|||||r|||| 00| 0 | ||
| 007 | ta | ||
| 008 | 221006b |||||||| |||| 00| 0 eng d | ||
| 020 | _a9781498761666 (hbk) | ||
| 024 | _a199640 | ||
| 037 |
_b28125, 18/03/2019, Overseas Press (India) Pvt. Ltd. _cTextual |
||
| 040 |
_aPAPL _cPAPL _beng |
||
| 041 |
_2eng _aeng |
||
| 082 | _aC21:(D), Q8 Carpa | ||
| 100 |
_aGoyal Rajendra Kumar _9716573 |
||
| 245 | 0 | _aNanomaterials and nanocomposits | |
| 260 |
_aBoca _bRaton CRC Press _c2018 |
||
| 300 |
_axvii, 332p. ill. _ccm. |
||
| 500 | _aIndex 317-332p. | ||
| 650 |
_a Graphene _9716352 |
||
| 650 |
_a Nanocomposites _9716574 |
||
| 650 |
_a Polymeric nanofibers _9716575 |
||
| 650 |
_a Synthesis of nanomaterials _9716576 |
||
| 650 | _aPhysics | ||
| 942 |
_hC21:(D), Q8 Carpa _cTEXL _2CC |
||
| 999 |
_c1211413 _d1211413 |
||